[Event "53rd Women Tournament 2022"]
[Site "Belgrade"]
[Date "2022.03.30"]
[Round "3.1"]
[White "Grozdanovic, Anastasia"]
[Black "Chelushkina, Irina"]
[Result "0-1"]
[WhiteElo "2005"]
[BlackElo "2183"]
[Annotator "NA"]
[PlyCount "122"]
[EventDate "2022.03.28"]
[EventType "tourn"]
[EventCountry "SRB"]
[SourceTitle "playchess.com"]
[Source "ChessBase"]
[SourceQuality "1"]
[TimeControl "40/5400+30:1800+30"]

1. d4 {[%emt 0:00:02]} e6 {[%emt 0:00:15]} 2. c4 {[%emt 0:00:15]} f5 {[%emt 0:00:55]} 3. Nf3 {[%emt 0:00:47]} Nf6 {[%emt 0:00:10]} 4. g3 {[%emt 0:01:20]} Be7 {[%emt 0:00:52]} 5. Bg2 {[%emt 0:01:46]} O-O {[%emt 0:00:09]} 6. O-O {[%emt 0:00:28]} d5 {[%emt 0:00:03]} 7. Nc3 {[%emt 0:01:50]} c6 {[%emt 0:01:15]} 8. Re1 {[%emt 0:06:13]} Na6 {[%emt 0:00:27]} 9. a3 {[%emt 0:09:55]} Bd7 {[%emt 0:03:22]} 10. b4 {[%emt 0:03:38]} Nc7 {[%emt 0:00:52]} 11. Bb2 {[%emt 0:04:56]} Be8 {[%emt 0:03:36]} 12. c5 {[%emt 0:10:41]} Nd7 {[%emt 0:01:26]} 13. a4 {[%emt 0:03:39]} g5 {[%emt 0:02:09]} 14. e3 {[%emt 0:05:19]} Bf6 {[%emt 0:02:01]} 15. Ne2 {[%emt 0:01:22]} Bh5 {[%emt 0:02:47]} 16. Ne5 {[%emt 0:01:29]} Bxe5 {[%emt 0:11:02]} 17. dxe5 {[%emt 0:00:12]} a5 {[%emt 0:03:12]} 18. bxa5 {[%emt 0:04:03]} Rxa5 {[%emt 0:02:39]} 19. Bc3 {[%emt 0:00:05]} Ra8 {[%emt 0:00:53]} 20. Bd4 {[%emt 0:01:22]} Na6 {[%emt 0:01:37]} 21. Qc2 {[%emt 0:02:55]} Qa5 {[%emt 0:05:09]} 22. Rec1 {[%emt 0:03:01]} Naxc5 {[%emt 0:13:18]} 23. g4 {[%emt 0:03:57]} Bg6 {[%emt 0:12:58]} 24. Bxc5 {[%emt 0:02:14]} f4 {[%emt 0:00:05]} 25. Qc3 {[%emt 0:02:36]} Nxc5 {[%emt 0:02:30]} 26. Qxc5 {[%emt 0:00:30]} f3 {[%emt 0:01:57]} 27. Qxa5 {[%emt 0:03:04]} Rxa5 {[%emt 0:00:06]} 28. Bxf3 {[%emt 0:00:37]} Rxf3 {[%emt 0:00:05]} 29. Nd4 {[%emt 0:00:49]} Rf7 {[%emt 0:02:04]} 30. Nxe6 {[%emt 0:00:58]} Re7 {[%emt 0:00:01]} 31. Nxg5 {[%emt 0:00:08]} Rxe5 {[%emt 0:00:08]} 32. Nf3 {[%emt 0:01:30]} Re4 {[%emt 0:00:06]} 33. h3 {[%emt 0:01:39]} Rexa4 {[%emt 0:00:20]} 34. Rxa4 {[%emt 0:00:11]} Rxa4 {[%emt 0:00:03]} 35. Ne5 {[%emt 0:02:33]} Be8 {[%emt 0:00:20]} 36. f4 {[%emt 0:01:57]} Kf8 {[%emt 0:00:20]} 37. Kf2 {[%emt 0:05:14]} Ke7 {[%emt 0:02:10]} 38. g5 {[%emt 0:00:47]} Ke6 {[%emt 0:01:14]} 39. Ng4 {[%emt 0:01:24]} Bg6 {[%emt 0:03:18]} 40. Nf6 {[%emt 0:02:51]} h5 {[%emt 0:02:01]} 41. Rc3 {[%emt 0:37:26]} h4 {[%emt 0:32:29]} 42. Rb3 {[%emt 0:00:00]} b5 {[%emt 0:00:00]} 43. Rb2 {[%emt 0:00:00]} Bf5 {[%emt 0:00:00]} 44. Kf3 {[%emt 0:00:00]} Ra3 {[%emt 0:00:00]} 45. Ne8 {[%emt 0:00:00]} Bg6 {[%emt 0:00:00]} 46. Ng7+ {[%emt 0:00:00]} Kf7 {[%emt 0:00:00]} 47. f5 {[%emt 0:00:00]} Kxg7 {[%emt 0:00:00]} 48. fxg6 {[%emt 0:00:00]} Ra4 {[%emt 0:00:00]} 49. Rg2 {[%emt 0:00:00]} Kxg6 {[%emt 0:00:00]} 50. Rg1 {[%emt 0:00:00]} Rc4 {[%emt 0:00:00]} 51. Ke2 {[%emt 0:00:00]} b4 {[%emt 0:00:00]} 52. Kd3 {[%emt 0:00:00]} c5 {[%emt 0:00:00]} 53. Kd2 {[%emt 0:00:00]} Re4 {[%emt 0:00:00]} 54. Kd3 {[%emt 0:00:00]} c4+ {[%emt 0:00:00]} 55. Kd2 {[%emt 0:00:00]} d4 {[%emt 0:00:00]} 56. exd4 {[%emt 0:00:00]} Rxd4+ {[%emt 0:00:00]} 57. Kc2 {[%emt 0:00:00]} Rf4 {[%emt 0:00:00]} 58. Rg2 {[%emt 0:00:00]} Rf3 {[%emt 0:00:00]} 59. Rg4 {[%emt 0:00:00]} b3+ {[%emt 0:00:00]} 60. Kb2 {[%emt 0:00:00]} Rf2+ {[%emt 0:00:00]} 61. Kc3 {[%emt 0:00:17]} Rc2+ {[%emt 0:00:00]} 0-1

[Event "53rd Women Tournament 2022"]
[Site "Belgrade"]
[Date "2022.03.30"]
[Round "3.2"]
[White "Lu, Miaoyi"]
[Black "Toncheva, Nadya"]
[Result "1-0"]
[WhiteElo "2182"]
[BlackElo "2207"]
[Annotator "NA"]
[PlyCount "69"]
[EventDate "2022.03.28"]
[EventType "tourn"]
[EventCountry "SRB"]
[SourceTitle "playchess.com"]
[Source "ChessBase"]
[SourceQuality "1"]
[TimeControl "40/5400+30:1800+30"]

1. e4 {[%emt 1:31:00]} c5 {[%emt 0:00:06]} 2. Nc3 {[%emt 0:00:00]} Nc6 {[%emt 0:00:07]} 3. Nf3 {[%emt 0:00:00]} e6 {[%emt 0:00:08]} 4. d4 {[%emt 0:00:00]} cxd4 {[%emt 0:00:05]} 5. Nxd4 {[%emt 0:00:00]} Qc7 {[%emt 0:00:04]} 6. Be3 {[%emt 0:00:00]} a6 {[%emt 0:00:03]} 7. Qd2 {[%emt 0:00:00]} Nf6 {[%emt 0:00:05]} 8. f4 {[%emt 0:00:00]} Bb4 {[%emt 0:00:32]} 9. Bd3 {[%emt 0:00:00]} Na5 {[%emt 0:00:18]} 10. a3 {[%emt 0:00:00]} Bxc3 {[%emt 0:00:19]} 11. Qxc3 {[%emt 0:00:00]} Qxc3+ {[%emt 0:00:07]} 12. bxc3 {[%emt 0:00:00]} d5 {[%emt 0:00:10]} 13. exd5 {[%emt 0:00:00]} exd5 {[%emt 0:00:04]} 14. Nb3 {[%emt 0:00:00]} Nc4 {[%emt 0:01:55]} 15. Bd4 {[%emt 0:00:00]} O-O {[%emt 0:06:38]} 16. O-O {[%emt 0:00:00]} Ne4 {[%emt 0:03:36]} 17. Rfe1 {[%emt 0:00:00]} Ncd6 {[%emt 0:15:09]} 18. Nc5 {[%emt 0:00:00]} Bf5 {[%emt 0:02:47]} 19. Na4 {[%emt 0:00:00]} Rad8 {[%emt 0:31:34]} 20. Nb6 {[%emt 0:00:00]} Nc8 {[%emt 0:02:21]} 21. Nxd5 {[%emt 0:00:00]} Rxd5 {[%emt 0:00:04]} 22. Bxe4 {[%emt 0:00:00]} Bxe4 {[%emt 0:00:02]} 23. Rxe4 {[%emt 0:00:00]} Rfd8 {[%emt 0:00:02]} 24. Rae1 {[%emt 0:00:00]} f5 {[%emt 0:05:18]} 25. R4e3 {[%emt 0:00:00]} Kf7 {[%emt 0:01:17]} 26. Rg3 {[%emt 0:00:00]} g6 {[%emt 0:00:26]} 27. Rh3 {[%emt 0:00:00]} h5 {[%emt 0:00:18]} 28. Rhe3 {[%emt 0:00:00]} Ra5 {[%emt 0:07:06]} 29. Re6 {[%emt 0:00:00]} Rd6 {[%emt 0:05:57]} 30. Re8 {[%emt 0:00:00]} Rc6 {[%emt 0:00:10]} 31. Rh8 {[%emt 0:00:00]} Rxa3 {[%emt 0:03:41]} 32. Ree8 {[%emt 0:00:00]} Ra1+ {[%emt 0:01:39]} 33. Kf2 {[%emt 0:00:00]} Ne7 {[%emt 0:00:04]} 34. Rhf8+ {[%emt 0:00:00]} Ke6 {[%emt 0:00:05]} 35. Rd8 {[%emt 0:01:24]} 1-0

[Event "53rd Women Tournament 2022"]
[Site "Belgrade"]
[Date "2022.03.30"]
[Round "3.3"]
[White "Navrotescu, Andreea"]
[Black "Xu, Yuanyuan"]
[Result "1-0"]
[WhiteElo "2229"]
[BlackElo "2317"]
[Annotator "TA"]
[PlyCount "67"]
[EventDate "2022.03.28"]
[EventType "tourn"]
[EventCountry "SRB"]
[SourceTitle "playchess.com"]
[Source "ChessBase"]
[SourceQuality "1"]

{[%evp 16,67,23,-11,64,56,44,66,60,59,91,17,97,98,101,89,115,91,156,159,152,160,149,161,184,176,185,164,214,200,256,253,242,247,247,241,318,321,303,308,797,782,772,751,778,769,759,770,2587,2262,1685,1521,2098,2128]} 1. c4 Nf6 {[%cal Bg8f6,Bf6d5,Bd5b4,Bb4d3][%mdl 32]} 2. Nc3 d5 3. cxd5 Nxd5 4. Nf3 c5 5. e4 Nb4 6. Bc4 Nd3+ 7. Ke2 Nf4+ 8. Kf1 Ne6 9. Ne5 {aiming for Qf3.} (9. b4 {looks sharper.} cxb4 10. Nd5 g6 11. Rb1 Bg7 12. h4) 9... Nc6 {A34: Symmetrical English: 2 Nc3, lines with ...d5.} (9... g6 $11) 10. Nxc6 $1 $14 {White is more active.} bxc6 11. d3 g6 {White is slightly better.} 12. Be3 Bg7 13. Qd2 {[#]} (13. Rc1 $16) 13... Rb8 $146 (13... Qa5 $1 $11) ({Predecessor:} 13... O-O 14. h4 h5 15. Rc1 Kh7 16. Kg1 Nd4 17. Re1 Qa5 18. e5 Rb8 19. Bg5 Qc7 {½-½ (48) Valsecchi,A (2494)-Beliavsky,A (2624) Gjakova 2016}) 14. Rc1 $16 {Black is now going downhill.} O-O 15. Na4 Kh8 16. b3 f5 ({Black should try} 16... Nd4) 17. Bxe6 (17. Nxc5 $2 f4 $1 18. Nxe6 (18. Bxe6 $2 fxe3 19. Qxe3 Bd4 $19) 18... fxe3 $1 19. Nxd8 (19. Qxe3 $2 Bxe6 20. f3 Bd4 $19) 19... exd2 $19) 17... Bxe6 18. Nxc5 Bc8 19. h4 e5 {[#] Hoping for ...f4.} 20. Bg5 Qd6 21. h5 gxh5 (21... f4 $142 22. h6 Bf6) 22. Qe2 $18 ({Much less strong is} 22. Rxh5 $6 f4 $16) 22... fxe4 23. Qxh5 {[%csl Gh1][%cal Rh5h7]} ({Resist} 23. Nxe4 $6 Qd5 24. Kg1 (24. Rxh5 Bf5 $18) 24... Bg4 $18) 23... Bf5 24. dxe4 $40 {[%mdl 128] Black is in trouble.} Bg6 25. Qd1 Qc7 26. Rh3 Rf7 27. Kg1 {Threatens to win with Na6.} Bf8 $2 (27... Re8 28. Qd2 Bf8) 28. Na6 {[%csl LRb8,LRc7] White is clearly winning.} Qb6 29. Nxb8 Qxf2+ 30. Kh2 Bxe4 31. Rg3 Rf5 32. Qg4 {[%cal Og5f6] Intending Bf6+! and mate.} Bd5 33. Be3 h5 34. Qh3 {Weighted Error Value: White=0.10 (very precise) /Black=0.39} 1-0

[Event "53rd Women Tournament 2022"]
[Site "Belgrade"]
[Date "2022.03.30"]
[Round "3.5"]
[White "Manakova, Maria"]
[Black "Kovacevic, Radmila"]
[Result "1/2-1/2"]
[WhiteElo "2257"]
[BlackElo "2072"]
[Annotator "TA"]
[PlyCount "96"]
[EventDate "2022.03.28"]
[EventType "tourn"]
[EventCountry "SRB"]
[SourceTitle "playchess.com"]
[Source "ChessBase"]
[SourceQuality "1"]

{[%evp 12,96,27,-14,-11,-28,0,-7,23,0,2,-2,37,34,34,35,38,35,46,46,43,42,28,26,45,32,39,31,43,26,22,31,60,57,83,56,68,66,74,67,66,67,59,46,52,47,49,70,108,93,131,8,191,204,1049,613,1095,1301,1030,8,8,8,8,0,0,0,0,0,0,0,0,0,0,0,0,0,0,0,0,0,0,0,0,0,0,0,29988]} 1. e4 d5 2. exd5 Nf6 3. d4 Bg4 4. Be2 Bxe2 5. Nxe2 Qxd5 6. O-O Nc6 7. Nbc3 (7. Be3 $142) 7... Qh5 $11 {B01: Scandinavian Defence.} 8. Ng3 Qxd1 (8... Qg6 {seems wilder.} 9. Nce2 h5 10. Nf4 Qh7 11. Nge2 e6) 9. Rxd1 e6 10. Nce4 {[#]} O-O-O $146 ({Predecessor:} 10... Be7 11. c3 O-O 12. Nxf6+ Bxf6 13. Ne4 Be7 14. Bf4 Rac8 15. b4 Rfd8 16. a3 h6 17. Bg3 b6 18. f3 f5 19. Nd2 Bf6 20. b5 Nxd4 21. Kf1 Nxb5 {0-1 (21) Van der Giessen,A (1821)-Burton,R (1911) Vale 2017}) 11. c3 h6 12. Nxf6 gxf6 13. Nh5 Be7 14. Be3 Na5 15. b3 b6 16. c4 Nb7 17. Kf1 {[%cal Bg1f1,Bf1e2,Be2d1][%mdl 32]} Rd7 18. h3 Rhd8 19. Ke2 f5 20. g4 (20. d5 {is interesting.} Nd6 21. f3 e5 22. f4 f6 23. Rf1) 20... fxg4 21. hxg4 c5 22. dxc5 {[#] Hoping for c6.} ({But not} 22. Bxh6 cxd4 23. Nf4 Rd6 $15) 22... Rxd1 $1 23. Rxd1 Rxd1 24. Kxd1 Bxc5 25. Ke2 ({Much weaker is} 25. Bxh6 Bxf2 26. Ke2 Bc5 $11) 25... Bxe3 26. Kxe3 $14 {[%mdl 4096] Endgame KN-KN} Kd7 27. Nf6+ Ke7 $1 28. Ng8+ Kf8 $1 29. Nxh6 {And now f4 would win.} Kg7 30. g5 {[%cal Bg4g5,Bg5f6][%mdl 32]} Kg6 31. Kd4 (31. Kf4 $16) 31... f6 $2 (31... Nd8 $1 $11 {and Black has nothing to worry.}) 32. gxf6 $18 Kxh6 $2 {KN-KP} (32... Kxf6 33. b4 Nd6 34. Ng4+ Ke7) 33. Ke5 Nd8 34. Kd6 Kg6 35. Ke7 $2 (35. Kd7 $18) 35... Nc6+ $11 {The position is equal.} 36. Kxe6 Nd4+ 37. Kd5 Ne2 38. Kc6 {[#] Threatens to win with Kb7.} Nc1 39. Kb7 Nxa2 40. Kxa7 Nc1 41. b4 Nd3 42. b5 Ne5 43. Kxb6 {Black must now prevent c5.} Nxc4+ {KN-K3P} 44. Kc5 Na5 45. b6 Kxf6 46. Kb5 Nb7 47. Kc6 Na5+ 48. Kb5 Ke5 $2 {[%mdl 40960] Weighted Error Value: White=0.34/Black=0.15 (very precise) . An unexpected result.} 1/2-1/2

[Event "53rd Women Tournament 2022"]
[Site "Belgrade"]
[Date "2022.03.31"]
[Round "4.1"]
[White "Chelushkina, Irina"]
[Black "Srdanovic, Jovana"]
[Result "1-0"]
[WhiteElo "2183"]
[BlackElo "2194"]
[Annotator "NA"]
[PlyCount "73"]
[EventDate "2022.03.28"]
[EventType "tourn"]
[EventCountry "SRB"]
[SourceTitle "playchess.com"]
[Source "ChessBase"]
[SourceQuality "1"]
[TimeControl "40/5400+30:1800+30"]

1. d4 {[%emt 0:00:02]} d5 {[%emt 0:00:07]} 2. e3 {[%emt 0:00:03]} Nf6 {[%emt 0:02:07]} 3. Bd3 {[%emt 0:00:18]} c5 {[%emt 0:01:06]} 4. c3 {[%emt 0:00:08]} Nc6 {[%emt 0:01:22]} 5. f4 {[%emt 0:00:16]} g6 {[%emt 0:01:23]} 6. Nf3 {[%emt 0:00:06]} Bg7 {[%emt 0:05:30]} 7. O-O {[%emt 0:00:09]} Bf5 {[%emt 0:05:57]} 8. Be2 {[%emt 0:00:21]} Ne4 {[%emt 0:09:22]} 9. Nbd2 {[%emt 0:00:44]} cxd4 {[%emt 0:00:39]} 10. exd4 {[%emt 0:02:45]} Nxd2 {[%emt 0:07:54]} 11. Bxd2 {[%emt 0:00:19]} a6 {[%emt 0:12:41]} 12. Kh1 {[%emt 0:00:28]} Qd7 {[%emt 0:01:06]} 13. b4 {[%emt 0:01:57]} Na7 {[%emt 0:09:21]} 14. a4 {[%emt 0:04:12]} Nc8 {[%emt 0:02:28]} 15. Qb3 {[%emt 0:00:58]} O-O {[%emt 0:01:20]} 16. Ne5 {[%emt 0:05:50]} Qd8 {[%emt 0:09:30]} 17. Bf3 {[%emt 0:01:59]} Be6 {[%emt 0:00:25]} 18. a5 {[%emt 0:02:11]} b6 {[%emt 0:07:12]} 19. Qa2 {[%emt 0:05:26]} f6 {[%emt 0:01:58]} 20. Nd3 {[%emt 0:07:37]} Bf7 {[%emt 0:02:21]} 21. Rfe1 {[%emt 0:04:25]} bxa5 {[%emt 0:07:47]} 22. bxa5 {[%emt 0:01:37]} e6 {[%emt 0:00:13]} 23. Nc5 {[%emt 0:04:43]} Re8 {[%emt 0:07:06]} 24. c4 {[%emt 0:04:23]} e5 {[%emt 0:02:11]} 25. cxd5 {[%emt 0:05:03]} exd4 {[%emt 0:00:53]} 26. Ne6 {[%emt 0:01:22]} Qd6 {[%emt 0:00:33]} 27. Rac1 {[%emt 0:05:23]} Na7 {[%emt 0:00:31]} 28. f5 {[%emt 0:09:54]} gxf5 {[%emt 0:00:48]} 29. Bf4 {[%emt 0:01:58]} Qb4 {[%emt 0:00:09]} 30. Rb1 {[%emt 0:00:49]} Qc3 {[%emt 0:00:51]} 31. Rec1 {[%emt 0:00:59]} Nb5 {[%emt 0:00:33]} 32. Rxc3 {[%emt 0:03:59]} Nxc3 {[%emt 0:00:06]} 33. Qa1 {[%emt 0:01:34]} Nxb1 {[%emt 0:00:05]} 34. Qxb1 {[%emt 0:00:02]} Bxe6 {[%emt 0:00:05]} 35. dxe6 {[%emt 0:00:06]} Rad8 {[%emt 0:00:02]} 36. Qxf5 {[%emt 0:00:44]} d3 {[%emt 0:00:05]} 37. Bd2 {[%emt 0:01:24]} 1-0

[Event "53rd Women Tournament 2022"]
[Site "Belgrade"]
[Date "2022.03.31"]
[Round "4.2"]
[White "Xu, Yuanyuan"]
[Black "Benderac, Ana"]
[Result "1-0"]
[WhiteElo "2317"]
[BlackElo "2180"]
[Annotator "NA"]
[PlyCount "57"]
[EventDate "2022.03.28"]
[EventType "tourn"]
[EventCountry "SRB"]
[SourceTitle "playchess.com"]
[Source "ChessBase"]
[SourceQuality "1"]
[TimeControl "40/5400+30:1800+30"]

1. d4 {[%emt 0:00:02]} d5 {[%emt 0:00:23]} 2. c4 {[%emt 0:00:53]} e6 {[%emt 0:00:18]} 3. Nc3 {[%emt 0:01:35]} Nf6 {[%emt 0:01:05]} 4. cxd5 {[%emt 0:03:28]} exd5 {[%emt 0:00:09]} 5. Bg5 {[%emt 0:00:10]} c6 {[%emt 0:03:39]} 6. Qc2 {[%emt 0:00:51]} Be7 {[%emt 0:03:22]} 7. e3 {[%emt 0:00:10]} O-O {[%emt 0:00:15]} 8. Bd3 {[%emt 0:00:07]} Nbd7 {[%emt 0:02:15]} 9. Nge2 {[%emt 0:00:41]} Re8 {[%emt 0:00:45]} 10. f3 {[%emt 0:00:36]} Nf8 {[%emt 0:01:06]} 11. O-O {[%emt 0:02:28]} h6 {[%emt 0:13:03]} 12. Bh4 {[%emt 0:00:43]} Ne6 {[%emt 0:01:00]} 13. Rad1 {[%emt 0:03:18]} b6 {[%emt 0:15:28]} 14. Kh1 {[%emt 0:09:26]} Bb7 {[%emt 0:01:38]} 15. Bf5 {[%emt 0:06:26]} Ng5 {[%emt 0:01:52]} 16. Bf2 {[%emt 0:08:31]} Bc8 {[%emt 0:11:05]} 17. Bd3 {[%emt 0:00:43]} Bb7 {[%emt 0:01:00]} 18. e4 {[%emt 0:04:59]} dxe4 {[%emt 0:09:27]} 19. fxe4 {[%emt 0:00:11]} Ne6 {[%emt 0:01:14]} 20. Bg1 {[%emt 0:07:08]} c5 {[%emt 0:08:43]} 21. d5 {[%emt 0:16:46]} Nc7 {[%emt 0:03:24]} 22. e5 {[%emt 0:00:48]} Nfxd5 {[%emt 0:00:23]} 23. Bh7+ {[%emt 0:00:35]} Kh8 {[%emt 0:01:07]} 24. Rxf7 {[%emt 0:00:59]} Rf8 {[%emt 0:00:39]} 25. Rxg7 {[%emt 0:04:08]} Kxg7 {[%emt 0:02:20]} 26. Qg6+ {[%emt 0:00:12]} Kh8 {[%emt 0:00:04]} 27. Bg8 {[%emt 0:00:17]} Nf6 {[%emt 0:02:35]} 28. exf6 {[%emt 0:06:20]} Bxg2+ {[%emt 0:00:38]} 29. Qxg2 {[%emt 0:00:36]} 1-0

[Event "53rd Women Tournament 2022"]
[Site "Belgrade"]
[Date "2022.03.31"]
[Round "4.3"]
[White "Kovacevic, Radmila"]
[Black "Navrotescu, Andreea"]
[Result "0-1"]
[WhiteElo "2072"]
[BlackElo "2229"]
[Annotator "NA"]
[PlyCount "62"]
[EventDate "2022.03.28"]
[EventType "tourn"]
[EventCountry "SRB"]
[SourceTitle "playchess.com"]
[Source "ChessBase"]
[SourceQuality "1"]
[TimeControl "40/5400+30:1800+30"]

1. e4 {[%emt 0:10:34]} e5 {[%emt 1:31:00]} 2. Nf3 {[%emt 0:01:21]} Nc6 {[%emt 0:00:00]} 3. Bc4 {[%emt 0:00:44]} Nf6 {[%emt 0:00:00]} 4. O-O {[%emt 0:02:45]} Be7 {[%emt 0:00:00]} 5. d4 {[%emt 0:01:09]} exd4 {[%emt 0:02:00]} 6. e5 {[%emt 0:06:07]} Ne4 {[%emt 0:00:30]} 7. Bd5 {[%emt 0:01:03]} Nc5 {[%emt 0:00:00]} 8. Nxd4 {[%emt 1:10:47]} Nxe5 {[%emt 0:00:00]} 9. Re1 {[%emt 0:00:00]} d6 {[%emt 0:00:00]} 10. f4 {[%emt 0:01:00]} Ng6 {[%emt 0:00:00]} 11. b4 {[%emt 0:00:00]} Na6 {[%emt 0:00:00]} 12. b5 {[%emt 0:00:00]} Nc5 {[%emt 0:00:00]} 13. Qh5 {[%emt 0:00:00]} O-O {[%emt 0:03:30]} 14. f5 {[%emt 0:00:00]} Ne5 {[%emt 0:00:00]} 15. a4 {[%emt 0:02:30]} Ncd7 {[%emt 0:01:00]} 16. Bb3 {[%emt 0:00:00]} Nf6 {[%emt 0:00:30]} 17. Qh3 {[%emt 0:01:00]} c5 {[%emt 0:00:00]} 18. Nf3 {[%emt 0:00:00]} c4 {[%emt 0:00:00]} 19. Ba2 {[%emt 0:00:00]} Neg4 {[%emt 0:00:00]} 20. Nd4 {[%emt 0:00:00]} d5 {[%emt 0:02:00]} 21. c3 {[%emt 0:02:00]} Re8 {[%emt 0:00:30]} 22. Bf4 {[%emt 0:00:00]} Bd6 {[%emt 0:00:00]} 23. Rf1 {[%emt 0:00:00]} Bxf4 {[%emt 0:00:00]} 24. Rxf4 {[%emt 0:00:00]} Re1+ {[%emt 0:00:00]} 25. Rf1 {[%emt 0:00:00]} Rxf1+ {[%emt 0:00:00]} 26. Kxf1 {[%emt 0:00:00]} Qd6 {[%emt 0:00:00]} 27. Kg1 {[%emt 0:00:00]} Qf4 {[%emt 0:00:00]} 28. Na3 {[%emt 0:00:00]} Qf2+ {[%emt 0:00:00]} 29. Kh1 {[%emt 0:00:00]} Qb2 {[%emt 0:00:00]} 30. Rf1 {[%emt 0:01:29]} Nf2+ {[%emt 0:00:00]} 31. Rxf2 {[%emt 0:00:15]} Qc1+ {[%emt 0:00:00]} 0-1

[Event "53rd Women Tournament 2022"]
[Site "Belgrade"]
[Date "2022.03.31"]
[Round "4.4"]
[White "Toncheva, Nadya"]
[Black "Manakova, Maria"]
[Result "1-0"]
[WhiteElo "2207"]
[BlackElo "2257"]
[Annotator "NA"]
[PlyCount "85"]
[EventDate "2022.03.28"]
[EventType "tourn"]
[EventCountry "SRB"]
[SourceTitle "playchess.com"]
[Source "ChessBase"]
[SourceQuality "1"]
[TimeControl "40/5400+30:1800+30"]

1. e4 {[%emt 0:00:03]} c5 {[%emt 0:04:24]} 2. Nf3 {[%emt 0:00:05]} Nc6 {[%emt 0:00:05]} 3. c3 {[%emt 0:00:04]} e6 {[%emt 0:03:52]} 4. d4 {[%emt 0:00:05]} d5 {[%emt 0:00:03]} 5. exd5 {[%emt 0:00:05]} exd5 {[%emt 0:00:04]} 6. Bd3 {[%emt 0:03:39]} Bd6 {[%emt 0:00:26]} 7. O-O {[%emt 0:00:23]} Nge7 {[%emt 0:00:11]} 8. dxc5 {[%emt 0:03:25]} Bxc5 {[%emt 0:00:06]} 9. Qc2 {[%emt 0:03:09]} Bg4 {[%emt 0:02:17]} 10. Nbd2 {[%emt 0:00:12]} Qb6 {[%emt 0:10:12]} 11. Nb3 {[%emt 0:11:56]} Bxf3 {[%emt 0:01:13]} 12. Nxc5 {[%emt 0:00:27]} Qxc5 {[%emt 0:00:32]} 13. gxf3 {[%emt 0:00:04]} Qd6 {[%emt 0:07:35]} 14. Re1 {[%emt 0:09:26]} h6 {[%emt 0:09:29]} 15. Qa4 {[%emt 0:09:45]} O-O {[%emt 0:03:45]} 16. Qf4 {[%emt 0:00:29]} Qxf4 {[%emt 0:00:41]} 17. Bxf4 {[%emt 0:00:05]} Ng6 {[%emt 0:01:05]} 18. Bg3 {[%emt 0:02:40]} Rfe8 {[%emt 0:01:36]} 19. Kg2 {[%emt 0:02:43]} Nge5 {[%emt 0:08:30]} 20. Bb5 {[%emt 0:02:55]} f6 {[%emt 0:10:56]} 21. Rad1 {[%emt 0:00:32]} Red8 {[%emt 0:08:36]} 22. Ba4 {[%emt 0:07:45]} Kf8 {[%emt 0:03:01]} 23. Bf4 {[%emt 0:08:29]} Ng6 {[%emt 0:05:40]} 24. Be3 {[%emt 0:02:59]} Nh4+ {[%emt 0:00:45]} 25. Kg3 {[%emt 0:00:08]} Nf5+ {[%emt 0:01:09]} 26. Kf4 {[%emt 0:00:11]} Nce7 {[%emt 0:03:04]} 27. Bc2 {[%emt 0:05:14]} Nd6 {[%emt 0:02:47]} 28. Bc5 {[%emt 0:01:48]} b6 {[%emt 0:00:12]} 29. Ba3 {[%emt 0:00:31]} Rd7 {[%emt 0:05:30]} 30. Bb3 {[%emt 0:05:28]} g5+ {[%emt 0:05:52]} 31. Kg4 {[%emt 0:00:38]} h5+ {[%emt 0:00:11]} 32. Kh3 {[%emt 0:02:07]} Ng6 {[%emt 0:00:25]} 33. Bxd5 {[%emt 0:04:01]} Nf4+ {[%emt 0:01:41]} 34. Kg3 {[%emt 0:00:04]} Rad8 {[%emt 0:00:43]} 35. Bc6 {[%emt 0:03:33]} Re7 {[%emt 0:00:03]} 36. Rxd6 {[%emt 0:02:09]} Rxe1 {[%emt 0:00:14]} 37. Re6+ {[%emt 0:00:50]} Kg7 {[%emt 0:01:12]} 38. Rxe1 {[%emt 0:00:06]} h4+ {[%emt 0:00:34]} 39. Kg4 {[%emt 0:00:04]} Nd3 {[%emt 0:00:12]} 40. Re7+ {[%emt 0:00:28]} Kh6 {[%emt 0:01:04]} 41. Kf5 {[%emt 0:30:38]} Ne5 {[%emt 0:01:54]} 42. Be4 {[%emt 0:00:00]} Ng6 {[%emt 0:01:05]} 43. Rxa7 {[%emt 0:00:00]} 1-0

[Event "53rd Women Tournament 2022"]
[Site "Belgrade"]
[Date "2022.03.31"]
[Round "4.5"]
[White "Grozdanovic, Anastasia"]
[Black "Lu, Miaoyi"]
[Result "1/2-1/2"]
[WhiteElo "2005"]
[BlackElo "2182"]
[Annotator "NA"]
[PlyCount "57"]
[EventDate "2022.03.28"]
[EventType "tourn"]
[EventCountry "SRB"]
[SourceTitle "playchess.com"]
[Source "ChessBase"]
[SourceQuality "1"]
[TimeControl "40/5400+30:1800+30"]

1. d4 {[%emt 0:00:02]} Nf6 {[%emt 0:00:03]} 2. c4 {[%emt 0:00:11]} g6 {[%emt 0:00:08]} 3. Nc3 {[%emt 0:00:13]} d5 {[%emt 0:00:04]} 4. cxd5 {[%emt 0:00:26]} Nxd5 {[%emt 0:00:05]} 5. e4 {[%emt 0:00:15]} Nxc3 {[%emt 0:00:04]} 6. bxc3 {[%emt 0:00:04]} Bg7 {[%emt 0:00:09]} 7. Bc4 {[%emt 0:00:37]} c5 {[%emt 0:00:20]} 8. Ne2 {[%emt 0:01:00]} Nc6 {[%emt 1:33:37]} 9. Be3 {[%emt 0:01:36]} O-O {[%emt 0:00:00]} 10. O-O {[%emt 0:00:05]} b6 {[%emt 0:00:00]} 11. dxc5 {[%emt 0:09:29]} Qc7 {[%emt 0:00:00]} 12. cxb6 {[%emt 0:08:42]} axb6 {[%emt 0:00:00]} 13. Rb1 {[%emt 0:02:24]} Ne5 {[%emt 0:02:30]} 14. Bd5 {[%emt 0:10:48]} Rb8 {[%emt 0:00:00]} 15. f3 {[%emt 0:08:14]} Ba6 {[%emt 0:00:00]} 16. Bd4 {[%emt 0:15:36]} e6 {[%emt 0:00:00]} 17. Bb3 {[%emt 0:02:03]} Rfd8 {[%emt 0:00:00]} 18. f4 {[%emt 0:07:09]} Nc6 {[%emt 0:00:00]} 19. e5 {[%emt 0:05:40]} Nxd4 {[%emt 0:00:00]} 20. cxd4 {[%emt 0:00:34]} Bxe2 {[%emt 0:00:00]} 21. Qxe2 {[%emt 0:00:04]} Rxd4 {[%emt 0:00:00]} 22. Rbc1 {[%emt 0:05:09]} Qd7 {[%emt 0:00:00]} 23. Rcd1 {[%emt 0:01:00]} Bf8 {[%emt 0:00:00]} 24. Kh1 {[%emt 0:00:44]} Bc5 {[%emt 0:00:12]} 25. Rxd4 {[%emt 0:01:39]} Qxd4 {[%emt 0:00:05]} 26. Qf3 {[%emt 0:01:04]} Qd7 {[%emt 0:01:58]} 27. g4 {[%emt 0:05:20]} Qb7 {[%emt 0:01:46]} 28. Qxb7 {[%emt 0:00:39]} Rxb7 {[%emt 0:00:26]} 29. Kg2 {[%emt 0:00:59]} 1/2-1/2